| 000 | 01214nam a22002417a 4500 | ||
|---|---|---|---|
| 003 | OSt | ||
| 005 | 20210219123742.0 | ||
| 008 | 210219s1998 ck abo|gr|||| 00| 0 spa d | ||
| 040 |
_aCO-JMCR _cCO-JMCR |
||
| 041 | 0 | _aspa | |
| 082 | 0 | 4 |
_a986.14 / _bZ35t _223 |
| 100 | 1 |
_azapata Silva, Alfonso, _eautor _913689 |
|
| 245 | 1 | 0 |
_aTenjo en palabras / _cAlfonso Zapata Silva |
| 250 | _aPrimera edición | ||
| 260 |
_aBogotá : _bOveja Negra, _c1998 |
||
| 300 |
_a264 páginas : _bilustraciones, mapas y fotografías a blanco y negro ; _c25 cm. |
||
| 504 | _aBibliografía : páginas 264. | ||
| 505 | _aDe la jerga popular -- Los oficios -- Del ambiente festivo y religioso -- de los juegos -- Alimentos y bebidas -- Remedios caseros -- Coplas, apuntes, dichos y adivinanzas -- Deportes y reinas, memoria visual -- Reseña histórica de Tenjo Polania Salavarrieta -- Relación de alcaldes y curas párrocos -- Principales aves de Tenjo -- Relaciones de fuentes directas | ||
| 650 | 1 | 4 |
_aVida social y costumbres _zTenjo (Cundinamarca, Colombia) _913690 |
| 651 | 2 | 4 |
_aVida social y costumbres _zTenjo (Cundinamarca, Colombia) _913691 |
| 651 | 2 | 4 |
_aTenjo (Cundinamarca, Colombia) _xHistoria _913692 |
| 942 |
_2ddc _cBK |
||
| 999 |
_c7252 _d7252 |
||